<?xml version="1.0" encoding="UTF-8"?><?xml-stylesheet type="text/xsl" href="static/style.xsl"?><OAI-PMH xmlns="http://www.openarchives.org/OAI/2.0/" xmlns:xsi="http://www.w3.org/2001/XMLSchema-instance" xsi:schemaLocation="http://www.openarchives.org/OAI/2.0/ http://www.openarchives.org/OAI/2.0/OAI-PMH.xsd"><responseDate>2026-04-27T12:58:18Z</responseDate><request verb="GetRecord" identifier="oai:uvadoc.uva.es:10324/14014" metadataPrefix="marc">https://uvadoc.uva.es/oai/request</request><GetRecord><record><header><identifier>oai:uvadoc.uva.es:10324/14014</identifier><datestamp>2021-06-29T11:06:33Z</datestamp><setSpec>com_10324_38</setSpec><setSpec>col_10324_852</setSpec></header><metadata><record xmlns="http://www.loc.gov/MARC21/slim" xmlns:doc="http://www.lyncode.com/xoai" xmlns:xsi="http://www.w3.org/2001/XMLSchema-instance" xmlns:dcterms="http://purl.org/dc/terms/" xsi:schemaLocation="http://www.loc.gov/MARC21/slim http://www.loc.gov/standards/marcxml/schema/MARC21slim.xsd">
<leader>00925njm 22002777a 4500</leader>
<datafield tag="042" ind1=" " ind2=" ">
<subfield code="a">dc</subfield>
</datafield>
<datafield tag="720" ind1=" " ind2=" ">
<subfield code="a">Hernández Hernández, Aroa</subfield>
<subfield code="e">author</subfield>
</datafield>
<datafield tag="260" ind1=" " ind2=" ">
<subfield code="c">2015</subfield>
</datafield>
<datafield tag="520" ind1=" " ind2=" ">
<subfield code="a">El trabajo analiza las técnicas que utiliza el Estado islámico en su comunicación, tanto dentro como fuera de sus fronteras (discursos, adoctrinamiento, vídeos propagadísticos). Se intenta buscar una correspondencia con otras propagandas totalitarias (la nazi) y observar cómo Occidente contrarresta la propaganda yihadista y de qué manera.</subfield>
</datafield>
<datafield tag="024" ind2=" " ind1="8">
<subfield code="a">http://uvadoc.uva.es/handle/10324/14014</subfield>
</datafield>
<datafield ind1=" " ind2=" " tag="653">
<subfield code="a">Propaganda política</subfield>
</datafield>
<datafield ind1=" " ind2=" " tag="653">
<subfield code="a">Islam y política</subfield>
</datafield>
<datafield ind1=" " ind2=" " tag="653">
<subfield code="a">Terrorismo</subfield>
</datafield>
<datafield tag="245" ind1="0" ind2="0">
<subfield code="a">La propaganda como arma del yihadismo: cómo utiliza la comunicación el estado islámico</subfield>
</datafield>
</record></metadata></record></GetRecord></OAI-PMH>